| 000 | 00714nam a2200181Ia 4500 | ||
|---|---|---|---|
| 008 | 151202s9999||||xx |||||||||||||| ||und|| | ||
| 082 | _bPNVM-82244 | ||
| 100 | _aजावडेकर मुरलीधर. | ||
| 245 | _aकिलर इन्स्टिंक्ट. | ||
| 260 | _b"मुरलीधर जावडेकर साहित्यकला प्रतिष्ठान,पुणे." | ||
| 260 | _c2012 | ||
| 300 | _a238 | ||
| 600 | _aजावडेकर मुरलीधर. | ||
| 630 | _aकिलर इन्स्टिंक्ट. | ||
| 700 | _aजावडेकर मुरलीधर. | ||
| 730 | _aकिलर इन्स्टिंक्ट. | ||
| 942 | _cBOOK | ||
| 999 |
_c1346852 _d1346849 |
||